Norm Ideals of Completely Continuous Operators
Αποθηκεύτηκε σε:
| Κύριος συγγραφέας: | |
|---|---|
| Μορφή: | Βιβλίο |
| Γλώσσα: | English |
| Δημοσίευση: |
Berlin :
Springer Verlag,
1979
|
| Σειρά: | Ergebnisse der Mathematik und ihrer Grenzgebiete ;
; 27 |
| Θέματα: | |
| Ετικέτες: |
Προσθήκη ετικέτας
Δεν υπάρχουν, Καταχωρήστε ετικέτα πρώτοι!
|
MARC
| LEADER | 00000nam a2200000 i 4500 | ||
|---|---|---|---|
| 001 | 1/29647 | ||
| 008 | 941103s1970 eng d | ||
| 020 | |a 0-387-04806-5 | ||
| 035 | |a 1990 |c ΧΑΤΖΗΣΑΒΒΑΣ |l 10038372 | ||
| 040 | |a GR-MY-UA |b gre |e aacr | ||
| 041 | 0 | |a eng | |
| 082 | 0 | |a 515.7246 | |
| 100 | 1 | |a Schatten, Robert |d 1911- | |
| 245 | 1 | 0 | |a Norm Ideals of Completely Continuous Operators / |c Robert Schatten |
| 260 | |a Berlin : |b Springer Verlag, |c 1979 | ||
| 300 | |a 81 p.; |c 23 cm.+ | ||
| 490 | 1 | |a Ergebnisse der Mathematik und ihrer Grenzgebiete |v ; 27 | |
| 500 | |a Includes bibliographical references | ||
| 650 | 0 | 0 | |a Functional analysis. |
| 650 | 0 | 0 | |a Operator theory. |
| 650 | 0 | 0 | |a Operator algebras. |
| 830 | 0 | |a Ergebnisse der Mathematik und ihrer Grenzgebiete ; |v ; 27 | |
| 852 | |a INST |b SAMOS |e 19941103 |h 515.7246 SCH |p 005300004027 |q 005300004027 |t BK |y 0 | ||
| 909 | |a Σ |b 018177 | ||